| 000 | 01058nam a22002777a 4500 | ||
|---|---|---|---|
| 003 | PE SENCICO BE | ||
| 005 | 20251020182641.0 | ||
| 008 | 230812b |||||||| |||| 00| 0 eng d | ||
| 020 | _a978-958-648-735-1 | ||
| 040 |
_aPE SENCICO BE _cPE SENCICO BE |
||
| 041 | _aspa | ||
| 082 |
_a658.45 _bC _c2011 |
||
| 245 | 1 |
_aComunicación empresarial : _bplan estratégico como herramienta gerencial y nuevos retos del comunicador en las organizaciones / _ceditora: María Cristina Ocampo Villegas |
|
| 250 | _a2a ed. | ||
| 260 |
_aBogotá : _bEcoe Ediciones : _bUniversidad de La Sabana, _c2011 |
||
| 300 |
_a292 p. : _bdiagrs., _c24 cm. |
||
| 440 |
_91357 _aTextos universitarios _pAdministración |
||
| 504 | _aReferencias bibliográficas: p. 292. | ||
| 650 | 1 | 0 |
_9934 _aComunicación organizacional |
| 650 | 2 | 0 |
_91358 _aComunicación en administración |
| 650 | 2 | 0 |
_9731 _aPlanificación estratégica |
| 650 | 2 | 0 |
_9419 _aPlanificación empresarial |
| 700 | 1 |
_91359 _aOcampo Villegas, María Cristina _eeditor |
|
| 910 |
_bhfp _chfp |
||
| 942 |
_2ddc _cLIB |
||
| 999 |
_c4280 _d4280 |
||